000 00709nam a22002297a 4500
005 20170124110221.0
010 _aA-935224
020 _c00.00
_a8124600775
035 _aA-935224
037 _bCen Lib/Ret
040 _aDPL
_bEN
082 _a215
_bIYE
100 _aIyengar, T. R. R.
_939773
245 _aHinduism and scientific quest /
_cby T. R. R. Iyengar
260 _aNew Delhi
_bD.K. Printworld
_c1997
270 _bNew Delhi
_a"Sri Kunj", F-52, Bali Nagar
_e110015
300 _avii,284p.
_c22cm(Hb)
500 _aIncludes bibliographical references and index
650 _aHinduism and science
_912410
650 _aScience -- India
_931381
942 _2ddc
_cEN
_h215
_mIYE
999 _c134095
_d134095